• 首页
  • 本馆介绍
  • 公告通知
  • 最新文献
  • 馆藏检索
  • 电子资源
  • 读者导购
  • 参考咨询
  • 我的图书馆
  • 登录
  • 详细信息显示
  • 放入我的书架
  • 预约/预借图书
  • 作者相关作品
  • 分类相关作品
  • 丛书相关作品
  • 出版社相关作品

书目信息

  • 表格格式
  • 工作单格式
  • 卡片格式
题名:
碱和碱的制造
    
 
作者: 高銛 编著
分册:  
出版信息: 上海   上海科学技术出版社  1959
页数: 268页
开本: 20cm
丛书名:
单 册:
中图分类: TQ114
科图分类:
主题词: 氯碱生产 , 无机碱--生产
电子资源:
ISBN:
000 00565nam0 2200217 450
001 0638369396
005 20060517104206.70
010    @dCNY1.00
100    @a20060517d1959 km y0chiy0120 ea
101 0  @achi
102    @aCN@b310000
200 1  @a碱和碱的制造@Ajian he jian de zhi zao@f高銛编著@Fgao xian bian zhu
205    @a新1版
210    @a上海@c上海科学技术出版社@d1959
215 1  @a268页@d20cm
606 0  @a氯碱生产
606 0  @a无机碱@x生产
690    @aTQ114@v4
701  0 @a高銛@Agao xian@4编著
801  0 @aCN@bPFT@c20060517
905    @a10447@dTQ114@e1
    
    碱和碱的制造/高銛编著.-新1版.-上海:上海科学技术出版社,1959
    268页;20cm
    
    
    ISBN :CNY1.00
    
●
相关链接 在E读中查询图书 在五车中查询图书 在当当中查询图书 在豆瓣中查询图书


正题名:碱和碱的制造     索取号:TQ114/1         预约/预借

序号 登录号 条形码 馆藏地/架位号 状态 备注
1 0016730   202345088   密集书库/ [索取号:TQ114/1] 在馆    
唐山师范学院图书馆 欢迎您!
大连网信软件有限公司© 版权所有